000 01040nam a2200337 a 4500
003 AR-BaBNM
005 20251128210555.0
008 082120s2002 ||||||||||||||000 | spa||
020 _a84-8063-244-5
040 _cAR-BaBNM
100 1 _aArgerich Tarrés, Monserrat
245 0 0 _aNo me baciles [sic]!
_bpara entender infecciones y respuesta inmunitaria
250 _a1ª ed.
260 _aBarcelona
_bEumo
_bOctaedro
_c1997
300 _a102 p.
_bil, gráfs.,tablas
490 0 _aNarraciones Solaris
_vv. 2
504 _aContiene vocabulario básico y bibliografía de consulta
650 4 _aENSEÑANZA DE LA BIOLOGIA
650 4 _aMETODOS DE ENSEÑANZA
650 4 _aACTIVIDADES DE APRENDIZAJE
650 4 _aTECNICAS DIDACTICAS
650 4 _aCUENTOS
650 4 _aENFERMEDADES INFECCIOSAS
650 4 _aINMUNOLOGIA
653 _aENSEÑANZA DE LAS CIENCIAS NATURALES
653 _aEDUCACION PARA LA SALUD
700 1 _aRey Teijeiro, Flor
800 1 _aRoig Plans, Pere
_edirector
942 _cBK
998 _cRaquel
999 _c16000
_d16000